000 00568nam a2200193Ii 4500
003 JO-AjNU
008 230605s9999||||xx |||||||||||||| ||und||
040 _aJO-AjNU
_bara
_erda
_cJO-AjNU
041 _aara
050 1 4 _aQC33 1987
100 3 _aرومانس ،جان,
_eauthor
_916574
245 0 0 _aتجارب في الفيزياء 3و4
264 3 1 _aمطبعة المدينه ، 1978
300 _a248ص
336 _atext
_btxt
_2rdacontent
337 _aunmediated
_bn
_2rdamedia
338 _avolume
_bnc
_2rdacarrier
650 4 _aفيزياء-مقايس
_916575
999 _aA4944
_c8512
_d8512